MCPD 70-519 Exam Ref : Designing and Developing Web Applications Using Microsoft® .NET Framework 4 /

Prepare for MCPD Exam 70-519-and help demonstrate your real-world mastery of web application design and development-with this official Microsoft Exam Ref. Written for experienced, MCTS-certified professionals ready to advance their status-this guide focuses on the critical-thinking and decision-maki...

Full description

Bibliographic Details
Main Author: Northrup, Tony (Author)
Corporate Author: Safari, an O'Reilly Media Company
Format: eBook
Language:English
Published: Microsoft Press, 2011.
Edition:1st edition.
Subjects:
Online Access:Connect to this electronic resource

MARC

Tag First Indicator Second Indicator Subfields
LEADER 00000uam a2200000 a 4500
001 in00004249621
005 20260129165609.1
006 m o d
007 cr cn
008 100513s2011 xx o eng
020 |z 9780735664814 
020 |z 9780735657267 
020 |z 0735657262 
020 |z 0735664811 
035 |a (CaSebORM)9780735664814 
040 |d UtOrBLW 
041 0 |a eng 
100 1 |a Northrup, Tony,  |e author. 
245 1 0 |a MCPD 70-519 Exam Ref :  |b Designing and Developing Web Applications Using Microsoft® .NET Framework 4 /  |c Northrup, Tony. 
250 |a 1st edition. 
264 1 |b Microsoft Press,  |c 2011. 
300 |a 1 online resource (304 pages) 
336 |a text  |b txt  |2 rdacontent 
337 |a computer  |b c  |2 rdamedia 
338 |a online resource  |b cr  |2 rdacarrier 
347 |a text file 
520 |a Prepare for MCPD Exam 70-519-and help demonstrate your real-world mastery of web application design and development-with this official Microsoft Exam Ref. Written for experienced, MCTS-certified professionals ready to advance their status-this guide focuses on the critical-thinking and decision-making acumen needed for success at the MCPD level. With concise, objective-by-objective reviews, strategic case scenarios, and "Thought Experiments", you get professional-level preparation for the professional-level exam. Optimize your exam-prep by focusing on the expertise needed to: Design the application architecture Choose the right server-side and client-side technologies Design the user experience Design data access and presentation Plan for security Choose a testing methodology Plan for scalability and reliability -making this book an exceptional value and a great career investment. 
533 |a Electronic reproduction.  |b Boston, MA :  |c Safari,  |n Available via World Wide Web.  |d 2012. 
538 |a Mode of access: World Wide Web. 
542 |f Copyright © 2011 Tony Northrup  |g 2012 
588 |a Online resource; Title from title page (viewed October 17, 2011) 
500 |a Electronic resource. 
655 7 |a Electronic books.  |2 local 
710 2 |a Safari, an O'Reilly Media Company. 
856 4 0 |u https://proxy.library.tamu.edu/login?url=https://go.oreilly.com/TAMU/library/view/-/9780735664814/?ar  |z Connect to this electronic resource  |t 0 
999 f f |s 3ed1ff5a-6296-31ec-aacd-92920cf746ee  |i fd350940-70a1-3cbd-a390-6efc2202ad7a  |t 0 
952 f f |a Texas A&M University  |b College Station  |c Electronic Resources  |s www_evans  |d Available Online  |t 0  |h No information provided 
998 f f |t 0  |l Available Online